00717cam a2200193 4500001000500000005001700005008003900022010001700061020001500078100002400093245008000117260003200197300002500229504004100254520011000295650004400405651003700449651003700486316520181127170619.0071016s2004 bt b 000 0 eng a 2007340807 a99936633011 aUra, Karma, d1961-10aDeities, archers, and planners in the era of decentralisation /cKarma Ura. aBhutan :bKarma Ura,c2004. aii, 323 p. ;c22 cm. aIncludes bibliographical references. aCollection of writings predominantly on socio-cultural life and decentralization in government of Bhutan. 0aDecentralization in governmentzBhutan. 0aBhutanxPolitics and government. 0aBhutanxSocial life and customs.